000 00766nam a22002177a 4500
005 20230202083200.0
008 230202b |||||||| |||| 00| 0 eng d
020 _a978-1-133-48973-3
082 _aG.S. 371.9046 G231 2013
100 _aGargiulo, Richard M.
_eauthor
245 _aTeaching in today's inclusive classroom:
_ba universal design for learning approach /
_cRichard M. Gargiulo, Debbie Metcalf
250 _a2nd ed.
260 _aBelmont, CA:
_bWadsworth,
_cc2013.
300 _axxiv, 504p.;
_bill. (some col.)
504 _aIncludes bibliographical references and index
541 _e4432
650 _aMainstreaming in education
650 _aInclusive education
650 _aMentally handicapped children
700 _aMetcalf, Debbie
_eauthor
999 _c877
_d877